| 000 | 00645nam a2200217 a 4500 | ||
|---|---|---|---|
| 001 | 1709 | ||
| 003 | CDMR | ||
| 005 | 20131209132629.0 | ||
| 008 | 130130s1987||||||||||||||||||||||||||||d | ||
| 020 | _a847658024X | ||
| 040 |
_aCDMR _bcat _cCDMR |
||
| 100 | 1 |
_aBeth, Hanno _91273 |
|
| 245 | 1 | 0 |
_aIntroducción a la ciencia de la comunicación _cHanno Beth y Harry Pross ; traducción de Vicente Romano |
| 260 |
_aBarcelona _c1987 _bAnthropos |
||
| 300 | _a178 p. | ||
| 490 | 0 |
_aConciencia y Libertad _v5 |
|
| 650 | 0 | 4 |
_92085 _aComunicació _xTeoria |
| 650 | 0 | 4 |
_94289 _aComunicació _xAspectes socials |
| 700 | 1 |
_9962 _aPross, Harry |
|
| 942 |
_cMON _2udc |
||
| 999 |
_c1709 _d1709 |
||